| 000 | 00802nam a2200229 a 4500 | ||
|---|---|---|---|
| 001 | 48874 | ||
| 003 | BD-RjUL | ||
| 005 | 20211209054611.0 | ||
| 008 | 161002s1984 b ||||| |||| 00| 0 ben d | ||
| 020 | _c: Tk.20.00 | ||
| 035 | _a(BD-RjUL) | ||
| 040 |
_aBD-RjUL _bben _cBD-RjUL |
||
| 041 | _aben | ||
| 082 |
_223 _a891.441 _bSHB 1984 |
||
| 100 | 1 |
_aসিরাজুদ্দীন, মোহাম্মদ _9147281 |
|
| 245 | 1 | 0 |
_aবিচ্ছিন্ন অনুভূতি / _cমোহাম্মদ সিরাজুদ্দীন |
| 260 |
_aঢাকা : _bপার্থ সালাউদ্দীন, _c১৯৮৪ |
||
| 300 |
_a৫৯ পৃ ; _c২২ সেমি |
||
| 650 |
_aবাংলা কবিতা _9147092 |
||
| 650 |
_aBangali Poetry _9145103 |
||
| 942 |
_2ddc _cBK |
||
| 999 |
_c48874 _d48874 |
||